| 000 | 00520nam a2200169 a 4500 | ||
|---|---|---|---|
| 001 | 000030397 | ||
| 005 | 20200930062307.0 | ||
| 008 | 110516s2000 dr ac 000 | spa d | ||
| 020 | _a9945400517 | ||
| 040 |
_aDO-SdBNP _bspa _cBNPHU |
||
| 082 |
_aRxxx _bD545e |
||
| 245 | 0 | 0 | _aDiccionario escolar Rolita. |
| 260 |
_aSanto Domingo : _bEditorial Actualidad Escolar, _c2000. |
||
| 300 |
_a397 p. : _bil., retrs. ; _c21 cm. |
||
| 500 | _aIncluye reglas ortográficas y abreviaturas usadas en el diccionario. | ||
| 049 | _aBNPD | ||
| 999 |
_c29889 _d29889 |
||